| 000 | 00974nam a22002417a 4500 | ||
|---|---|---|---|
| 999 |
_c63561 _d63561 |
||
| 005 | 20240530110647.0 | ||
| 008 | 171108s2016 jo ahk f b 000 0dara d | ||
| 017 |
_a2015/1/66 _bالمملكة الاردنية الهاشمية . المكتبة الوطنية |
||
| 020 | _a9789957593971 | ||
| 040 |
_aEG-CaGPL _cEG-CaGPL |
||
| 082 | 0 | 4 |
_221 _a700.103\ _bص ف |
| 100 | 0 | _aصفا لطفى الالوسى | |
| 245 | 1 | 2 |
_aالفن البيئى : _bتعريفة ، تطورة ، عناصرة واهميتة / _cصفا لطفى الالوسى |
| 250 | _aط.1 | ||
| 260 |
_aعمان : _bالدار المنهجية للنشر والتوزيع ، _c2016. |
||
| 300 |
_a128 ص. : _bايض ؛ _c2016. |
||
| 504 | _aيشتمل على ارجاعات ببليوجرافية | ||
| 650 | 0 | 7 |
_2qrmak _aالفن الزخرفية |
| 650 | 0 | 7 |
_2qrmak _aالفنون الشرقية |
| 653 | 0 | _aالفن البيئى | |
| 942 |
_2ddc _cBK |
||